| 000 | 00937nam a2200301 4500 | ||
|---|---|---|---|
| 003 | EC-UNACH | ||
| 005 | 20260305110027.0 | ||
| 006 | s||||gr|||| 00| 00 | ||
| 008 | 150116t9999 mx r gr 000 0 spa d | ||
| 020 | _a9505502087 | ||
| 040 |
_aEC-UNACH _cEC-UNACH |
||
| 041 | _aspa | ||
| 082 | 0 | 4 |
_223 _a370.1 _bL024340 |
| 110 | _aEditorial Magisterio río de la plata | ||
| 245 | _aOcaso de la escuela | ||
| 250 | _aPrimera edición | ||
| 264 |
_aArgentina _bEditorial Magisterio río de la plata _c1996 |
||
| 300 | _a58 paginas | ||
| 505 | _a1. La escuela, hija de la modernidad. 2. Lo posmoderno y la crisis de la escuela. 3. Todavía Tercer Mundo. 4. Imposibilidades escolares. | ||
| 650 | _aESCUELAS | ||
| 650 | _aEDUCACION | ||
| 650 | _aPEDAGOGIA | ||
| 700 | _aRoberto follari | ||
| 942 |
_2ddc _c1 |
||
| 999 | _c14377 | ||